MDQL
is popping MORE tags! Check the
thread
!
Quizzes
Events
Quiz Creation
Community
Videos
Private Events
Remove Ads
Sign In
Join for FREE
Feedback
Dark Mode
Quiz Categories
Sports
Geography
Music
Movies
Television
Just For Fun
Miscellaneous
History
Literature
Language
Science
Gaming
Entertainment
Religion
Holiday
For Kids
Quiz Lab
Recent
Popular Today
Quiz Kudos Today
Editor Picks
Curator Picks
Quizzes by...
Day
Popularity
Type
Ratings
Length
Year
Community
Subscriptions
Recent Discussions
Orange Saloon
Badges
Playlists
Quests
Create
Leaderboards
Showdown
Live 5
Trivia Bingo
Activity
Puzzle Library
Sporcle Events
Private Events
Virtual Trivia
Globe League
Become a Host
Pub Owners
SporcleCon
Opinionation
Our Games
Videos
Blog
Mobile Apps
Partnerships
Remove Ads and Go Orange
Feedback
Language
Vocabulary
Begins and Ends
Definition
Spanish
French
German
Italian
Chinese
Latin
Translation
Japanese
Language
Vocabulary
Begins and Ends
Definition
Spanish
French
German
Italian
Chinese
Latin
Translation
Japanese
Random Quiz
Search Sporcle
×
Quiz Lab
Quiz Lab
Language
Vocabulary
Type in answers that appear in a list
Type in answers that appear in a list
Classic
Best Score? Go Orange.
Spanish 253 Chapter 12 Vocab Stats
Can you name the Spanish 253 Chapter 12 Vocab?
By
TRODAC
10m
41 Questions
15 Plays
15 Plays
15 Plays
Comments
Comments
Give Quiz Kudos
Give Quiz Kudos
-
- Ratings
hide this ad
Replay
Link that replays current quiz
Next Quiz
Link to next quiz in quiz playlist
You Got
0%
They Got
Avg Score
81%
Avg Friend Score
Upgrade to see
Score Distribution
Jump to the score distribution portion of the page
Score
0/41
Timer
10:00
0
Plays Today
Spanish Word
English Translation
% Correct
finalmente/
para terminar
finally
100%
el/
la ministro/
a
secretary
100%
el candidato
candidate
100%
la constitución
constitution
100%
la elección
election
100%
electoral
electoral
100%
la conferencia
conference
100%
la democracia
democracy
100%
la libertad
liberty
100%
el presidente/
la presidenta
president
100%
el afiche/
cartel
poster
93.3%
el ministerio
department
93.3%
el senado
senate
93.3%
el referéndum
referendum
93.3%
la represión
repression
93.3%
el/
la senador(a)
senator
93.3%
represivo/
a
repressive
93.3%
en conclusión
to conclude
93.3%
elegir (j)
to elect
86.7%
gobernar
to govern
86.7%
la dictadura
dictator
86.7%
Spanish Word
English Translation
% Correct
el/
la governador(a)
governor
86.7%
el tratado
treaty
86.7%
beneficiar
to benefit
80%
el impuesto
tax
80%
firmar
to sign
80%
el golpe de estado
coup d'etat
73.3%
el plebiscito
plebiscite
73.3%
el impuesto sobre
tax on
73.3%
sin embargo
however
73.3%
la patria
homeland
73.3%
los recursos
resources
73.3%
el TLC (Tratado de Libre Comercio)
North American Free Trade Agreement (NAFTA)
66.7%
la sublevación
revolt
60%
a pesar de
despite
60%
perjudicar (qu)
to harm
53.3%
el compromiso
commitment
53.3%
la cumbre
summit
53.3%
la mano de obra
labor
53.3%
por fin
at last
46.7%
la independencia
independency
46.7%
Quiz Playlist
Details
Report
Send in Message
Add To Playlist
Classic:
Type in answers that appear in a list
Last Updated: Feb 16, 2017
Quiz Scoreboard
CHALLENGE
Sign Up to Join the Scoreboard
Show All
Scores
Hide
Comments
May contain spoilers
Recently Published
Holiday 10x10 Sorting Gallery
by lukepisani3
Holiday
15m
Two Season TV Shows II
by 123Four
Television
10m
Image Sorting: Flags VI
by Barbecue
Geography
2m
More to Explore
Quiz From the Vault
Featured Blog Post
14 Easter Pick-up Lines to Find Eggs With
hide this ad
You Might Also Like...
Tags
Spanish Quiz
Vocabulary Quiz
Democracy
Economy
Government
Today's Top Quizzes in Language
Browse Language
hide this ad
Today's Top Quizzes in Vocabulary
Browse Vocabulary
Top Contributed Quizzes in Language
1
What Word Starts All?
2
1-10 Letter F Words III
3
1-10 Letter G Words III
4
Weisst du, aus welchen Sprachen diese Wörter stammen?
5
1-10 Letter H Words III
6
Harry Potter book 6 chapters: English & Greek
7
Arabic Numerals
8
One Thing in Common: Italy
9
1-10 Letter I Words III
10
Celtic Nations in their Language
Explore More
Trending Topics
Crossword
Disney
Marvel
Anime
NBA
Kpop
Harry Potter
NFL
WWE
Pokémon
Country
The Office
Song
Soccer
Puzzle
hide this ad
More By:
TRODAC
Quiz
Plays
Rating
Category
Featured
Created
World Politics Midterm Review
65
History
Oct 23, 2011
Elementary Chinese Lesson 8 Vocab
63
Language
Nov 10, 2012
Spanish 252 Chapter 3 Vocab
37
Language
Nov 6, 2011
Spanish 252 Chapter 5 Vocab
36
Language
Nov 20, 2011
Spanish 252 Chapter 1 Vocab
27
Language
Dec 1, 2011
Go to Creator's Profile
Score Distribution
Quiz Creator Spotlight
TRODAC
Follow
Send a Message
Quizzes Created
-
Created Quiz Play Count
-
More By This Creator
Popular Quizzes Today
1
Find the US States - No Outlines Minefield
2
Colored Red Africa Blitz
3
Find the 'City' Movie
4
The Countries of the World
5
5x2 Blitz: Bands
6
Find the Countries of Europe - No Outlines Minefield
7
Find the US States
8
US States
More Language Quizzes
Animal Expressions: Double Animal Edition
Published
Trending Quizzes
Colored Red Europe Blitz I
Colored Red Europe Blitz II
Colored Red Africa Blitz II
Even More Two Season TV Shows
Colored Red Africa Blitz III
Recently Updated
Odd Team Out - Big 4 Players
pecheneg
Quick Pick: 20 Twenties
pecheneg
March Madness Men's Triple Doubles
pecheneg
How Do You Spell That?
pecheneg
Godzilla Movies
pecheneg
Grab Bag: 4-10 Letters
pecheneg
2024 March Madness Bracket
pecheneg
Famous TV Couples
Peacemaker
Champions League XIs: Real Madrid
pecheneg
Largest US Cities 1790-2010
pecheneg
Trending Topics
Harry Potter
Kpop
Crossword
Marvel
Disney
NBA
Anime
Pokémon
Puzzle
The Office
NFL
Song
WWE
Country
Soccer
Your Account Isn't Verified!
In order to create a playlist on Sporcle, you need to verify the email address you used during registration. Go to your
Sporcle Settings
to finish the process.
Report this User
Report this user for behavior that violates our
Community Guidelines
.
Details:
Send Report
Go to the Sporcle.com Mobile Site →
Comments